000
00225nam a22000857a 4500
008
160712b xxu||||| |||| 00| 0 eng d
100
_9
2686
_a
Collins, G
245
_a
How to be a People Helper
260
_a
Cali
_b
Vision House
_c
1976
999
_c
2336
_d
2336